000 00661nam a2200217Ii 4500
003 JO-AjNU
008 230606s9999||||xx |||||||||||||| ||und||
020 _a978-0-415-32497-7
040 _aJO-AjNU
_beng
_erda
_cJO-AjNU
041 _aeng
050 1 4 _aP306.R68 2009
100 3 _aMunday,Jeremy تأليف,
_eauthor
_92000
245 0 4 _aThe Routledge Companion To Translation Studies
250 _a1 ed
264 3 1 _aNew York:Routledge,2009
300 _a287p
336 _atext
_btxt
_2rdacontent
337 _aunmediated
_bn
_2rdamedia
338 _avolume
_bnc
_2rdacarrier
650 4 _aThe Routledge Companion To Translation Studies-Translation
_92001
999 _aE1051
_c1051
_d1051